000 00212 a2200097 4500
001 39882
100 _aAbdul Hashim
245 _aArabic Made Easy
260 _aNew Dehli
_bKitab Bharan
_c
090 _c24879
_d24879
942 _aNUST-CAE
_cM
_c16534
999 _c274955
_d274955